| 000 | 01821nam a22002417a 4500 | ||
|---|---|---|---|
| 005 | 20250703150034.0 | ||
| 008 | 250630b |||||||| |||| 00| 0 eng d | ||
| 040 | _cAL | ||
| 041 | _aKannada | ||
| 082 |
_aK894.2 _bSWAK |
||
| 100 |
_aB G L Swamy _9217078 |
||
| 100 |
_9216927 _d ಬಿ ಜಿ ಎಲ್ ಸ್ವಾಮಿ |
||
| 245 |
_aCollege ranga _bಕಾಲೇಜು ರಂಗ |
||
| 260 |
_aBangalore _bVasantha Prakashana _c2006 |
||
| 300 |
_aviii,265 p. _bPB _c21.5x14 cm |
||
| 365 |
_b₹200.00 _c₹ _d₹200.00 |
||
| 520 | _aಲೇಖಕ ಬಿ.ಜಿ.ಎಲ್. ಸ್ವಾಮಿ ಅವರು ಬರೆದ ಕೃತಿ-ಕಾಲೇಜು ರಂಗ. ವ್ಯಂಗ್ಯ ದೃಷ್ಟಿಯ ಅನುಭವ ಕಥನಗಳ ಸಂಕಲನವಿದು. ವ್ಯಕ್ತಿಯು ಇಷ್ಟ ಪಡದ ಹುದ್ದೆಗೆ ಸೇರಿ ನ್ಯಾಯ-ಅನ್ಯಾಯಗಳ ಅನುಭವ ಪಡೆದು ನಂತರ ಆ ಹುದ್ದೆ ತೊರೆಯುವುದು ಇಲ್ಲಿಯ ಕಥಾ ವಸ್ತು. ಮಧ್ಯೆ ಮಧ್ಯೆ, ದಾಸರ ಪದಗಳ ಸಾಲುಗಳನ್ನು ಬಳಸಿದ್ದುಅಣಕು ಮಾತುಗಳಿಂದ ಬಳಸಿದ್ದು, ಇಡೀ ಕಥೆಗೆ ಉತ್ತಮ ಚಾಲನೆ ಸಿಕ್ಕಿದೆ. ಓದುಗರನ್ನು ಕೊನೆಯವರೆಗೂ ಸೆಳೆದು ಕೊಂಡು ಹೋಗುತ್ತದೆ. ಬಿ.ವಿ. ಮೂರ್ತಿ ಅವರ ವ್ಯಂಗ್ಯಚಿತ್ರಗಳು ಕೃತಿಯ ಪರಿಣಾಮಕತೆಯನ್ನು ಹೆಚ್ಚಿಸಿವೆ. | ||
| 650 |
_aVyangaya drushtiya anubhava kathana _9216643 |
||
| 650 |
_aA satirical personal writing _9217079 |
||
| 650 |
_aKannada Drama _9216644 |
||
| 650 |
_aB G L Swamy _9216928 |
||
| 942 |
_2ddc _cDB |
||
| 999 |
_c234565 _d234565 |
||